الأمن القومى العربى : (Record no. 15896)
[ view plain ]
| 000 -الفاتح | |
|---|---|
| حقل البيانات ثابتة الطول | 00960nam a22002057a 4500 |
| 008 - عناصر البيانات ثابتة الطول - معلومات عامة | |
| حقل البيانات ثابتة الطول | 110823t ua||||| |||| 00| 0 ara d |
| 082 ## - رقم تصنيف ديوى العشرى | |
| رقم الطبعة | 22 |
| رقم التصنيف | 355.03 |
| رقم المادة | ص و ي |
| 100 1# - المدخل الرئيسى - إسم شخصى | |
| 9 (RLIN) | 26855 |
| الإسم الشخصى | الصويغ ، عبد العزيز حسين |
| 245 ## - بيان العنوان | |
| العنوان | الأمن القومى العربى : |
| بقية العنوان | رؤية مستقبلية / |
| بيان المسئوليه,etc | عبد العزيز حسين الصويغ |
| 260 ## - PUBLICATION, DISTRIBUTION, ETC. (IMPRINT) | |
| مكان الناشر او الموزع | القاهرة : |
| اسم الناشر او الموزع | أوراق ، |
| تاريخ النشر أو التوزيع | [1991]. |
| 300 ## - الوصف المادى | |
| التعداد | 245 ص : |
| تفاصيل ماديه اخرى للوعاء | صور؛ |
| أبعاد الوعاء | 24 سم. |
| 504 ## - تبصرة ببليوجرافية | |
| تبصرة ببليوجرافية,الخ | يشتمل على إرجاعات ببليوجرافية 242 - 243 |
| 650 #0 - المدخل الاضافى بالموضوع-مصطلح موضوعى | |
| 9 (RLIN) | 17704 |
| مصطلح موضوعي أو اسم جغرافي كعنصر مدخل | الأمن القومي |
| 650 #0 - المدخل الاضافى بالموضوع-مصطلح موضوعى | |
| 9 (RLIN) | 17296 |
| مصطلح موضوعي أو اسم جغرافي كعنصر مدخل | الوحدة العربية |
| 650 #0 - المدخل الاضافى بالموضوع-مصطلح موضوعى | |
| 9 (RLIN) | 13384 |
| مصطلح موضوعي أو اسم جغرافي كعنصر مدخل | القومية العربية |
| 650 #0 - المدخل الاضافى بالموضوع-مصطلح موضوعى | |
| 9 (RLIN) | 26857 |
| مصطلح موضوعي أو اسم جغرافي كعنصر مدخل | الدول العربية |
| التقسيم الفرعي العام | الأمن القومي |
| 653 ## - مصطلح تكشيفى غير مقيد | |
| Resource For college | |
| Arrived date list | August2011 |
| 942 ## - عناصر المدخل الإضافي( كوها) | |
| مصدر التصنيف او مخطط الترفيف | Dewey Decimal Classification |
| Koha [default] item type | Book - Borrowing |
| حالة التراجع | حالة الفقد | مصدر التصنيف او خطة الترفيف | حالة تلف | ليس للاعارة | مجموعات كوها | المكان الدائم | المكان الحالي | موقع الترفيف | تاريخ الاكتساب | Source of acquisition | رقم الاستدعاء | الباركود | Date last seen | نوع الوعاء |
|---|---|---|---|---|---|---|---|---|---|---|---|---|---|---|
| Dewey Decimal Classification | Alef-Baa | Central Library | Central Library | First floor | 23/08/2011 | 355.03 ص و ي | 000024585 | 15/07/2025 | Book - Borrowing |